Design and simulation of advanced multimedia WDM-basesd photonic network (Record no. 188814)
[ view plain ]
| 000 -LEADER | |
|---|---|
| fixed length control field | 00818 a2200181 4500 |
| 003 - CONTROL NUMBER IDENTIFIER | |
| control field | Nust |
| 005 - DATE AND TIME OF LATEST TRANSACTION | |
| control field | 20170207153550.0 |
| 040 ## - CATALOGING SOURCE | |
| Transcribing agency | Nust |
| 082 ## - DEWEY DECIMAL CLASSIFICATION NUMBER | |
| Classification number | 621.382 |
| 100 ## - MAIN ENTRY--PERSONAL NAME | |
| Personal name | Al-Wahibi, Said Khalfan (MSEE-3) |
| 245 ## - TITLE STATEMENT | |
| Title | Design and simulation of advanced multimedia WDM-basesd photonic network |
| Statement of responsibility, etc. | Said Khalfan Al-Wahibi |
| 260 ## - PUBLICATION, DISTRIBUTION, ETC. | |
| Name of publisher, distributor, etc. | MCS |
| Date of publication, distribution, etc. | June 1999 |
| 300 ## - PHYSICAL DESCRIPTION | |
| Extent | 240 p |
| 505 ## - FORMATTED CONTENTS NOTE | |
| Formatted contents note | Introduction to optical fiber systems (page-1), Multimedia communication networks (page-26), WDM technology for long haul communications (page-51), System specification and design methodology (page-98), WaveNet-MX21 system applications (page-151), Computer simulation and performance analysis (page-170), Concluding for the 21st century (page-193). |
| 538 ## - SYSTEM DETAILS NOTE | |
| System details note | Almirah No. 69 Shelf No. 3 |
| 650 ## - SUBJECT ADDED ENTRY--TOPICAL TERM | |
| Topical term or geographic name entry element | MSEE Thesis |
| 651 ## - SUBJECT ADDED ENTRY--GEOGRAPHIC NAME | |
| Geographic name | MSEE-3 |
| 942 ## - ADDED ENTRY ELEMENTS (KOHA) | |
| Koha item type | |
| Withdrawn status | Lost status | Source of classification or shelving scheme | Damaged status | Not for loan | Collection code | Permanent Location | Current Location | Date acquired | Total Checkouts | Full call number | Barcode | Date last seen | Price effective from | Koha item type |
|---|---|---|---|---|---|---|---|---|---|---|---|---|---|---|
| Military College of Signals (MCS) | Military College of Signals (MCS) | 12/12/2016 | 621.382 WAH | MCSTEE-149 | 12/08/2016 | 12/12/2016 | Book |
